Ručně malovaná cyklomapa Liberecko : malované dětmi pro děti /

Hlavní autor: Ďaudík, Jozef
Jazyk: Čeština
Vydáno: Zlín : CBS Nakladatelství, 2022
Témata:
Fyzický popis: 1 mapa : barevná ; 49 x 73 cm, na listu 60 x 84 m, složeno na 22 x 12 cm + 1 brožura (32 stran ; 22 cm)
Mapy
Uloženo v:
LEADER 01915nem a2200445 i 4500
001 nkc20223445834
003 CZ PrNK
005 20250122113526.0
007 aj canzn
008 221207s2022 xr i a 0 cze
015 |a cnb003445834 
020 |a 978-80-88427-63-6  |q (mapa) 
034 1 |a a  |b 80000  |d E0143300  |e E0152600  |f N0505700  |g N0503900 
040 |a ABA001  |b cze  |d BOA001  |e rda 
043 |a e-xr---  |b e-xr-li  |2 czenas 
072 7 |a 913(437)  |x Geografie Česka a Slovenska, reálie, cestování  |2 Konspekt  |9 7 
072 7 |a 912  |x Mapy. Atlasy. Glóby  |2 Konspekt  |9 7 
080 |a 796.61  |2 MRF 
080 |a 913(437.316)  |2 MRF 
080 |a (084.3)796.61  |2 MRF 
100 1 |a Ďaudík, Jozef  |7 mzk2012723111  |4 ill 
245 1 0 |a Ručně malovaná cyklomapa Liberecko :  |b malované dětmi pro děti /  |c malba mapy Jozef Ďaudík 
246 3 0 |a Liberecko 
255 |a Měřítko přibližně 1:80 000  |c (E 14°33'00"--E 15°26'00"/N 50°57'00"--N 50°39'00") 
264 1 |a Zlín :  |b CBS Nakladatelství,  |c 2022 
300 |a 1 mapa :  |b barevná ;  |c 49 x 73 cm, na listu 60 x 84 m, složeno na 22 x 12 cm +  |e 1 brožura (32 stran ; 22 cm) 
336 |a kartografický obraz  |b cri  |2 rdacontent 
337 |a bez média  |b n  |2 rdamedia 
338 |a list  |b nb  |2 rdacarrier 
500 |a Ve společných plastových deskách 
500 |a Turistické zajímavosti regionu, popisy cyklotras s výškovými profily, na rubu vlastivědný text 
500 |a V textové brožuře průvodce městy a obcemi Liberecka (21 stran) a Frýdlantska (11 stran) 
650 0 7 |a cykloturistika  |7 ph114274  |z Česko  |2 czenas 
651 7 |a Liberec (Česko : oblast)  |7 ge129801  |2 czenas 
655 7 |a cykloturistické mapy  |7 fd131996  |2 czenas 
910 2 |a BOA001  |b Mp2-1501.812 
990 |a MP 
995 |a 01 
991 |b 202301  |c NOV 
996 6 |b 2610929172  |c Mp2-1501.812  |l MZK  |r Sklad / do 1 hodiny  |n 0  |p p.v.  |w 001912864  |u 000010  |a 1  |e BOA001  |j MZK50  |s P